Statistics for Translate These Elements from Polish to English

Click here to take the quiz!

General Stats

  • This quiz has been taken 63 times
    (60 since last reset)
  • The average score is 11 of 20

Answer Stats

polszczyznaEnglish% Correct
złotogold
91%
helhelium
87%
srebrosilver
80%
magnezmagnesium
78%
tlenoxygen
76%
cynkzinc
76%
tytantitanium
70%
fosforphosphorus
69%
wodórhydrogen
65%
sódsodium
56%
kadmcadmium
52%
azotnitrogen
48%
siarkasulphur
43%
cynatin
43%
wanadvanadium
43%
skandscandium
41%
krzemsilicon
31%
rtęćmercury
28%
itryttrium
24%
jodiodine
22%

Score Distribution

Percentile by Number Answered

Percent of People with Each Score

Your Score History

You have not taken this quiz since the last reset